| 000 | 00832nam0a22002531 4500 | ||
|---|---|---|---|
| 001 | rc\4427201 | ||
| 005 | 20130416155049.7 | ||
| 021 |
_aRU _bРг5481-64 |
||
| 035 | _a(NLR Aleph) 008309767 | ||
| 090 |
_a8689524 _c8689524 |
||
| 100 | _a20130416d1964 |||y0rusy50 ca | ||
| 101 | 0 | _arus | |
| 102 | _aRU | ||
| 105 | _ay z ||||| | ||
| 200 | 1 |
_aРаспределение групп крови у народов Северной Сибири _fVII Междунар. конгресс антропол. и этногр. наук. Москва, авг. 1964 г. |
|
| 210 |
_aМосква _cНаука _d1964 |
||
| 215 |
_a10 с. _d20 |
||
| 320 | _aБиблиогр.: с. 7 | ||
| 700 | 1 |
_aЗолотарева _bИ. М. |
|
| 801 | 0 |
_aRU _bNLR _gpsbo |
|
| 801 | 1 |
_aRU _bELAR _2rusmarc |
|
| 852 |
_aNLR _j64-4/13102 |
||
| 942 | _cBOOK | ||
| 980 | _aNB | ||